| 000 | 00864cab a2200265 4500 | ||
|---|---|---|---|
| 001 | WB3004-53 | ||
| 008 | 090401t1994 xxu||||| |||| 00| 0 eng d | ||
| 035 | _a(Sirsi) u58644 | ||
| 041 | _aeng | ||
| 245 | _aTrend towards engineering constructors | ||
| 260 | _c1994 | ||
| 350 | _a0 | ||
| 490 |
_aArchitects` Journal _v199(4) 26 January 1994, 9(1) |
||
| 520 | _aLarge engineering and construction firms are swallowing up independent architectural practices in the US, according to a survey by "ENR". There are fears that this trend could emerge in the UK. | ||
| 650 | _aARCHITECTS | ||
| 650 | _aARCHITECTURAL PRACTICES | ||
| 650 | _aCONSTRUCTION COMPANIES | ||
| 650 | _aENGINEERING FIRMS | ||
| 650 | _aTAKEOVERS | ||
| 650 | _aUNITED STATES | ||
| 690 | _aBUILT ENVIRONMENT | ||
| 690 | _aPROFESSIONAL PRACTICE | ||
| 942 | _n0 | ||
| 948 | _c04/03/1997 | ||
| 999 |
_c35845 _d35845 |
||